| 000 | 00499nam a2200181 a 4500 | ||
|---|---|---|---|
| 005 | 20140311163031.0 | ||
| 008 | 100224s19uu xx 00 eng d | ||
| 020 | _a9781405175517 | ||
| 050 |
_aPN 4731 _b.R36 2009 |
||
| 100 | _aRantanen, Terhi | ||
| 245 |
_aWhen news was new / _cTerhi Rantanen. |
||
| 260 |
_aUK : _bWiley-Blackwell, _c2009. |
||
| 300 |
_a154 p. : _bill. ; _c24 cm. |
||
| 521 | _aMC | ||
| 650 | _aJournalism. 2. Broadcast Journalism. | ||
| 942 |
_cBK _2lcc _kFOR |
||
| 999 |
_c39632 _d39632 |
||